Biblioteca

¡Fidelidad, integridad! (Registro nro. 31977)

Detalles MARC
000 -LÍDER
Campo fijo de descripción fija 01433nam a2200277 i 4500
001 - NÚMERO DE CONTROL
Campo de control 768714001
003 - IDENTIFICADOR DEL NÚMERO DE CONTROL
Campo de control CO-MdFUSB
005 - FECHA Y HORA DE LA ULTIMA TRANSACCIÓN
control field 20260304174448.0
007 - CAMPO FIJO DE DESCRIPCIÓN FIJA--INFORMACIÓN GENERAL
Campo fijo de descripción fija ta
008 - ELEMENTOS DE LONGITUD FIJA -- INFORMACIÓN GENERAL
Campo fijo de descripción fija -- Información general 170516t2001 x ||||| |||| 00| 0 s d
040 ## - FUENTE DE CATALOGACIÓN
Agencia de catalogación original CO-MdFUSB
Idioma de catalogación spa
Agencia que realiza la transcripción CO-MdFUSB
Agencia que realiza la modificación CO-MdFUSBC
Convenciones de la descripción rda
041 0# - CÓDIGO DE IDIOMA
Código de idioma para texto/pista de sonido o título separado spa
082 04 - NÚMERO DE CLASIFICACIÓN DECIMAL DEWEY
Número de la edición del Dewey 23
Número de clasificación 220.6
Clave de autor-Numero de item J371f
245 10 - TÍTULO
Título del Material ¡Fidelidad, integridad!
Parte restante del título - Subtitulo : en busca del mejor texto de las Escrituras
Mención de responsabilidad, etc. / editado por Luciano Jaramillo Cárdenas
264 #4 - PRODUCCIÓN, PUBLICACIÓN, DISTRIBUCIÓN, MANUFACTURA, Y COPYRIGHT
Lugar de producción, publicación, distribución, manufactura Miami, FL., USA :
Nombre del productor, publicador, distribuidor Sociedad Bíblica Internacional,
Fecha de producción, publicación, distribución, manufactura, o copyright ©2001
300 ## - DESCRIPCIÓN FÍSICA
Extensión 90 páginas
Dimensiones ; 21 cm
336 ## - TIPO DE CONTENIDO
Fuente rdacontent
Término de tipo de contenido texto
Código de tipo de contenido txt
337 ## - TIPO DE MEDIO
Fuente rdamedia
Nombre del tipo de medio sin mediación
Código del tipo de medio n
338 ## - TIPO DE SOPORTE
Fuente rdacarrier
Nombre del tipo de soporte volumen
Código Tipo de soporte nc
505 ## - NOTA DE CONTENIDO
Nota de contenido con formato preestablecido - Crítica textual y traducción bíblica. Luciano Jaramillo - Muchas versiones distintas, una sola palabra verdadera. Alfredo Tépox - La Biblia hebrea, su traducción e interpretación en la NVI. Esteban Voth - ¿Por qué no aparece "Jehová" ni "Yahvé" en la NVI? Edesio Sánchez - Preguntas acerca del Antiguo Testamento - ¿Qué texto griego forma la base de mi Biblia? Edesio Sánchez Cetina - La base textual y hermenéutica del Nuevo Testamento en la NVI. Moisés Silva - Preguntas acerca del Nuevo Testamento - ¿Qué Biblia debemos leer? Catalina Faser de Padilla
563 ## - NOTA DE ENCUADERNACIÓN
Nota de encuadernación Rústico
650 #7 - ASIENTO SECUNDARIO DE MATERIA - TERMINO TEMÁTICO
Término temático o nombre geográfico como elemento de entrada Hermenéutica
9 (RLIN) 418
700 ## - ASIENTO SECUNDARIO - NOMBRE PERSONAL
Nombre personal Jaramillo Cárdenas, Luciano,
9 (RLIN) 12212
Responsabilidad editor
942 ## - TIPO DE MATERIAL (KOHA)
Tipo de Item KOHA Libros General
945 ## - INFORMACIÓN LOCAL DEL REGISTRO
Catalogador JTF-925
Existencias
Estado de Material Estado de Perdido Forma de Clasificación Estado de Dañado No para Préstamo Colección Tomo Biblioteca de Origen Biblioteca Permanente Fecha de Adquisición Área Total de Préstamos Signatura Topográfica Código de Barras Última vez visto Ejemplar/Existencia Fecha de Remplazo Tipo de Material
    Dewey Decimal Classification     Colección General   Biblioteca FUSBC Biblioteca FUSBC 27/02/2026 BIBLIA   G 220.6 J371f 16053 12/12/2019 Ej. 1 26/01/2016 Libros General
    Dewey Decimal Classification     Colección General   Biblioteca FUSBC Biblioteca FUSBC 27/02/2026 BIBLIA   G 220.6 J371f 23972 27/02/2026 Ej. 2 26/01/2016 Libros General

Biblioteca FUSBC | Teléfono: (57+4) 349 88 10 Ext. 141| WhatsApp (+57) 3005338115 
E-mail: biblioteca@unisbc.edu.co | Calle 76 87-14 Robledo Palenque, Medellín, Colombia

Con tecnología Koha